Check-list of marine fishes of Greece

Guardat en:
Dades bibliogràfiques
Autor principal: Papakonstantinou, Costas (Autor)
Format: Llibre
Idioma:anglès
Publicat: Atenas Aohnai 1988
Col·lecció:Fauna graeciae, 4
Matèries:
Etiquetes: Afegir etiqueta
Sense etiquetes, Sigues el primer a etiquetar aquest registre!

MARC

LEADER 00000nam a2200000 a 4500
001 UCV5427
003 CL-VaPUC
008 930611e19880000GR |||||||||||||||||eng|d
082 0 4 |a 597.094  |b PAP  |2 21 
100 0 |a Papakonstantinou, Costas  |e author  |9 299758 
245 1 0 |a Check-list of marine fishes of Greece 
300 |a 257 p 
942 |c BK 
945 |d 19930611 00:00:00 
260 |a Atenas  |b Aohnai  |c 1988 
650 7 |a PECES MARINOS  |2 CL-VaPUC  |9 299759 
650 7 |a PECES IDENTIFICACION  |2 CL-VaPUC  |9 261269 
583 |a last modification  |c 19930611 00:00:00  |k Rodrigo Vera 
490 0 |a Fauna graeciae, 4 
999 |c 211963  |d 211961 
952 |0 0  |1 0  |2 ddc  |4 0  |6 597_094000000000000_PAP_1988  |7 0  |8 CCM  |9 192020  |a BIBCUR  |b BIBCUR  |c PAC  |d 2019-11-14  |i 2595710  |o 597.094 PAP 1988  |p 2595710  |r 2025-04-22  |w 2019-11-14  |y BK  |k CIM